| 000 | 00613nam a2200217Ii 4500 | ||
|---|---|---|---|
| 001 | 22870 | ||
| 003 | CO-ViMGA | ||
| 008 | 241108s9999||||xx |||||||||||||| ||und|| | ||
| 020 | _a9588160235 | ||
| 040 |
_aCO-ViMGA _bspa _erda _cCO-ViMGA |
||
| 041 | 0 | _aspa | |
| 082 | 0 | 4 | _a741.5986 B27o |
| 100 | 1 |
_aBetto, _d1968- _91240 |
|
| 245 | 1 | 0 | _aOmelet de humor |
| 264 | 1 | _aBogotá, Colombia : [Editorial no identificada], 2002 | |
| 300 | _avolumen | ||
| 336 |
_atext _btxt _2rdacontent |
||
| 337 |
_aunmediated _bn _2rdamedia |
||
| 338 |
_avolume _bnc _2rdacarrier |
||
| 940 | _aidficha_siabuc: 21385. -- ficha_no_siabuc:22870 | ||
| 999 |
_c39740 _d39740 |
||